Places To Study

There are group study rooms, individual study carrels, computer labs, and other spaces to study in the Libraries.

Reserve A Group Room

Online Resources

Access thousands of eBooks, audiobooks, and online journals from the comfort of your home.

Explore Resources

Events and Workshops

Join our upcoming events and workshops to enhance your skills and knowledge.

View Events

သာသနာ့အမွေကို ခံယူခြင်းနှင့် ငါလုပ်ချင်တာ / (Record no. 2766)

MARC details
000 -LEADER
fixed length control field 00984nam a22001817a 4500
003 - CONTROL NUMBER IDENTIFIER
control field OSt
005 - DATE AND TIME OF LATEST TRANSACTION
control field 20251221132951.0
008 - FIXED-LENGTH DATA ELEMENTS--GENERAL INFORMATION
fixed length control field 251221b |||||||| |||| 00| 0 eng d
040 ## - CATALOGING SOURCE
Transcribing agency DCL
082 ## - DEWEY DECIMAL CLASSIFICATION NUMBER
Classification number ၂၉၄.၃၄၂
100 0# - MAIN ENTRY--PERSONAL NAME
Personal name ဖားအောက်တောရဆရာတော်။
245 10 - TITLE STATEMENT
Title သာသနာ့အမွေကို ခံယူခြင်းနှင့် ငါလုပ်ချင်တာ /
Statement of responsibility, etc. ဖားအောက်တောရဆရာတော် နှင့် အရှင်ရေဝတ(ဖားအောက်တောရ)။
264 ## - PRODUCTION, PUBLICATION, DISTRIBUTION, MANUFACTURE, AND COPYRIGHT NOTICE
Place of production, publication, distribution, manufacture ရန်ကုန် ၊
Name of producer, publisher, distributor, manufacturer [ပညာဉာဏ်ရောင်ပုံနှိပ်တိုက်] ၊
Date of production, publication, distribution, manufacture, or copyright notice ၂၀၀၅။
300 ## - PHYSICAL DESCRIPTION
Extent ဇ၊ ၁၅၉ စာမျက်နှာ ၊
Dimensions ၂၀ စင်တီ။
650 ## - SUBJECT ADDED ENTRY--TOPICAL TERM
Topical term or geographic name entry element ဗုဒ္ဓဘာသာ
Form subdivision တရားတော်
700 0# - ADDED ENTRY--PERSONAL NAME
Personal name ရေဝတ၊ အရှင်။
942 ## - ADDED ENTRY ELEMENTS (KOHA)
Source of classification or shelving scheme Dewey Decimal Classification
Koha item type Short Term
Suppress in OPAC No

No items available.